Sims 4 Base Game Characters - Statistics

General Stats
  • This quiz has been taken 141 times
  • The average score is 16 of 26
Answer Stats
Location Lot Name Household Age Sim % Correct
Willow Creek Ophelia Villa Goth Young Adult Bella Goth
97%
Willow Creek Ophelia Villa Goth Adult Mortimer Goth
91%
Willow Creek Pique Hearth Pancakes Young Adult Bob Pancakes
89%
Willow Creek Pique Hearth Pancakes Young Adult Eliza Pancakes
88%
Oasis Springs Slipshod Mesquite Zest Young Adult Johnny Zest
82%
Willow Creek Garden Essence BFF Young Adult Summer Holiday
82%
Willow Creek Ophelia Villa Goth Teen Cassandra Goth
81%
Willow Creek Garden Essence BFF Young Adult Travis Scott
79%
Oasis Springs Affluista Mansion Landgraab Adult Nancy Landgraab
78%
Oasis Springs Sultury Springside Caliente Young Adult Don Lothario
77%
Oasis Springs Sultury Springside Caliente Young Adult Dina Caliente
73%
Oasis Springs Sultury Springside Caliente Young Adult Nina Caliente
73%
Willow Creek Ophelia Villa Goth Child Alexander Goth
70%
Oasis Springs Affluista Mansion Landgraab Adult Geoffrey Langraab
69%
Oasis Springs Affluista Mansion Landgraab Teen Malcolm Landgraab
63%
Willow Creek Garden Essence BFF Young Adult Liberty Lee
60%
Oasis Springs Sultury Springside Caliente Adult Katrina Caliente
58%
Oasis Springs Cacti Casa Roomies Young Adult Zoe Patel
52%
Willow Creek Cypress Terrace Spencer-Kim-Lewis Child Olivia Kim-Lewis
50%
Willow Creek Cypress Terrace Spencer-Kim-Lewis Young Adult Alice Spencer-Kim
46%
Oasis Springs Cacti Casa Roomies Young Adult J Huntington III
37%
Willow Creek Cypress Terrace Spencer-Kim-Lewis Young Adult Eric Lewis
32%
Willow Creek Cypress Terrace Spencer-Kim-Lewis Elder Vivian Lewis
31%
Willow Creek Cypress Terrace Spencer-Kim-Lewis Elder Dennis Kim
28%
Oasis Springs Cacti Casa Roomies Young Adult Mitchell Kalani
21%
Oasis Springs Cacti Casa Roomies Young Adult Gavin Richards
20%
No matching quizzes found
Score Distribution
Percent of People with Each Score
Percentile by Number Answered
Your Score History
You have not taken this quiz